• 首页
  • 本馆介绍
  • 公告通知
  • 最新文献
  • 馆藏检索
  • 电子资源
  • 读者导购
  • 参考咨询
  • 我的图书馆
  • 登录
  • 详细信息显示
  • 放入我的书架
  • 预约/预借图书
  • 作者相关作品
  • 分类相关作品
  • 丛书相关作品
  • 出版社相关作品

书目信息

  • 表格格式
  • 工作单格式
  • 卡片格式
题名:
夏季情怀
    
 
作者: 陆珊 著
分册:  
出版信息: 北京   知识出版社  2000
页数: 118页
开本: 20cm
丛书名:
单 册:
中图分类: I287.2
科图分类:
主题词: 儿童文学--中国 , 儿童文学--中国--丛书 , 儿童文学--诗歌--中国--现代--选集
电子资源:
ISBN: 7-5015-2491-2
000 00787nam0 2200265 45
001 0501081709
005 20091013090912.87
010    @a7-5015-2491-2@dCNY6.80
100    @a20050108d2000 km y0chiy0120 ea
101 0  @achi
102    @aCN@b110000
105    @ay z 000gy
200 1  @a夏季情怀@Axia ji qing huai@f陆珊等著
210    @a北京@c知识出版社@d2000
215    @a118页@d20cm
300    @a《中国校园文学》十年精粹
330    @a本书收入《赠你委屈》、《台历诗一首》、《窗外的小妹妹》、《卖樱桃的小女孩》等诗歌60余首。
606 0  @a儿童文学@x中国
606 0  @a儿童文学@x中国@x丛书
606 0  @a儿童文学@x诗歌@y中国@z现代@x选集
690    @aI287.2@v4
701  0 @a陆珊@ALu Shan@4著
801    @aCN@bAHTY@c20091013
905    @aBZT@dI287.2@e1
906    @dCNY6.80@n0@r1
    
    夏季情怀/陆珊等著.-北京:知识出版社,2000
    118页;20cm
    《中国校园文学》十年精粹
    
    ISBN 7-5015-2491-2:CNY6.80
    本书收入《赠你委屈》、《台历诗一首》、《窗外的小妹妹》、《卖樱桃的小女孩》等诗歌60余首。
●
相关链接 在五车中查询图书 在当当中查询图书 在豆瓣中查询图书


正题名:夏季情怀     索取号:I287.2/1         预约/预借

序号 登录号 条形码 馆藏地/架位号 状态 备注
1 387350   210172301   中心书库中库/打包BH0528/ [索取号:I287.2/1] 在馆    
2 387351   210172310   中心书库中库/打包BH0528/ [索取号:I287.2/1] 在馆    
3 387352   210172329   中心书库中库/打包BH0528/ [索取号:I287.2/1] 在馆    
4 387353   210170054   中心书库中库/打包BH0528/ [索取号:I287.2/1] 在馆    
5 387354   210170063   中心书库中库/打包BH0528/ [索取号:I287.2/1] 在馆    
6 387355   210170072   中心书库中库/打包BH0528/ [索取号:I287.2/1] 在馆    
7 387356   210170081   中心书库中库/打包BH0528/ [索取号:I287.2/1] 在馆    
8 387357   210170090   中心书库中库/打包BH0528/ [索取号:I287.2/1] 在馆    
9 387358   210170107   中心书库中库/打包BH0528/ [索取号:I287.2/1] 在馆    
10 387359   210170116   中心书库中库/打包BH0528/ [索取号:I287.2/1] 在馆    
山东省滨州职业学院图书馆 欢迎您!
大连网信软件有限公司© 版权所有